Le più Grandi Isole Artiche con una mappa - Statistics

Statistiche generali
  • Questo quiz è stato fatto 201 volte
  • Il punteggio medio è 3 su 24
Risposte nella Mappa
Le risposte nella mappa del quiz sottostante sono codificate secondo una scala di colori dal rosso al verde in base alla % di persone che hanno risposto correttamente.
 
Statistiche sulle risposte
isola % Corretto
Groenlandia
93%
Islanda
87%
Baffin
27%
Ellesmere
14%
Victoria
14%
Banks
7%
Devon
5%
Southampton
4%
Spitsbergen
4%
Axel Heiberg
3%
Bolscevica
3%
Melville
3%
Principe di Galles xx
3%
Somerset
3%
Bathurst
2%
Ellef Ringnes
2%
Južnyj
2%
Nordaustlandet
2%
Rivoluzione d'Ottobre
2%
Severnyj
2%
Bylot
1%
Kotel'nyj
1%
Principe Patrick
1%
Re Guglielmo
1%
Nessun quiz corrispondente trovato
Distribuzione punteggi
Percentuale di utenti per punteggio
Percentile per numero di risposta
I tuoi punteggi nel tempo
Non hai fatto questo quiz